000 00657cam a2200253 4500
001 28307
010 _a9722620479
005 20220405165303.0
021 _b167972/01
090 _a28307
100 _a20070904d2002 c y0pory5003 ba
101 0 _apor
102 _aPT
105 _aa z 000yy
106 _ar
930 _lBECRE
675 _a087.5
_92104
700 1 _aSoares,
_bLuísa Ducla,
_f1939-
_92431
702 1 _aSachse,
_bDina
_4440
_95264
200 1 _aO soldado João
_fLuísa Ducla Soares
_gil. Dina Sachse
210 _aPorto
_cCivilização,
_d2002
215 _a[20] p.
_cil.
_d26 cm
225 2 _aObra completa de Luísa Ducla Soares
990 _cLIVROS